Países que contienen la letra D - Estadísticas

Estadísticas generales
  • Esta prueba ha sido intentada 46 veces
  • La puntuación promedio es 29 de 43
Estadísticas de respuestas
País % Correcto
Dinamarca
93%
Islandia
86%
Sudán
86%
Dominica
83%
República Dominicana
83%
Sudán del Sur
83%
Canadá
79%
Estados Unidos
76%
Finlandia
76%
India
72%
Madagascar
72%
Sudáfrica
72%
Andorra
69%
Honduras
69%
Irlanda
69%
República del Congo
69%
República Democrática del Congo
69%
Ruanda
69%
Uganda
69%
Antigua y Barbuda
66%
Arabia Saudita
66%
Burundi
66%
Macedonia del Norte
66%
Nueva Zelanda
66%
Tailandia
66%
Barbados
62%
Ciudad del Vaticano
62%
Emiratos Árabes Unidos
62%
Granada
62%
Indonesia
62%
Jordania
62%
San Vicente y las Granadinas
62%
Corea del Sur
59%
Ecuador
59%
El Salvador
59%
Trinidad y Tobago
59%
Bangladés
55%
Corea del Norte
55%
Estados Federados de Micronesia
55%
Reino Unido
55%
Moldavia
52%
Cabo Verde
48%
Maldivas
48%
No se encontraron pruebas coincidentes
Distribución de puntuación
Porcentaje de gente con cada puntuación
Porcentaje por número respondido
Historial de tus puntuaciones
No has intentado esta prueba.